| 000 | 00573nam a2200181Ia 4500 | ||
|---|---|---|---|
| 008 | 100921s9999 xx 000 0 und d | ||
| 082 |
_b20410 _a891.463 थ 87 |
||
| 100 | _aकाशीकर एस.एम्र. | ||
| 245 | _aबेदरकार. | ||
| 260 |
_bमनमोहिनी प्रकाशन,पुणे. _c1987 |
||
| 300 |
_a156 _b--- |
||
| 365 | _b40 | ||
| 520 | _aललित-कादंबरी. | ||
| 630 | _aबेदरकार. | ||
| 650 | _aललित-कादंबरी. | ||
| 730 | _aबेदरकार. | ||
| 942 | _cBOOK | ||
| 999 |
_c769523 _d769520 |
||